Online
Catalog

Biografía del tabaco habano / (Record no. 13626)

MARC details
000 -CABECERA
campo de control de longitud fija 00893cam a2200217 a 4500
001 - NÚMERO DE CONTROL
campo de control 000014022
005 - FECHA Y HORA DE LA ÚLTIMA TRANSACCIÓN
campo de control 20200929163435.0
008 - DATOS DE LONGITUD FIJA--INFORMACIÓN GENERAL
campo de control de longitud fija 780412s2000 cu a 001 0 spa
040 ## - FUENTE DE LA CATALOGACIÓN
Centro catalogador/agencia de origen DO-SdBNP
Lengua de catalogación spa
Centro/agencia transcriptor BNPHU
082 ## - NÚMERO DE LA CLASIFICACIÓN DECIMAL DEWEY
Número de clasificación 633.7191
Número de documento/Ítem G216b, 2000
100 1# - ENTRADA PRINCIPAL--NOMBRE DE PERSONA
Nombre de persona García Galló, Gaspar M. Jorge,
Fechas asociadas al nombre 1906-1992
9 (RLIN) 31734
245 10 - MENCIÓN DE TÍTULO
Título Biografía del tabaco habano /
Mención de responsabilidad, etc. Gaspar M. Jorge García Galló ; edición María Dolores Piñeda Sierra ; introducción Wilfredo Correa García ; prólogo Ernesto Che Guevara.
250 ## - MENCIÓN DE EDICIÓN
Mención de edición 3a. ed.
260 ## - PUBLICACIÓN, DISTRIBUCIÓN, ETC.
Lugar de publicación, distribución, etc. Habana, (Cuba) :
Nombre del editor, distribuidor, etc. Instituto Cubano del Libro,
-- José Martí,
Fecha de publicación, distribución, etc. 2000.
300 ## - DESCRIPCIÓN FÍSICA
Extensión 203 p. :
Otras características físicas il. ;
Dimensiones 21 cm.
650 #4 - PUNTO DE ACCESO ADICIONAL DE MATERIA--TÉRMINO DE MATERIA
Término de materia o nombre geográfico como elemento de entrada Tabaco
Subdivisión geográfica Cuba
9 (RLIN) 31735
650 #4 - PUNTO DE ACCESO ADICIONAL DE MATERIA--TÉRMINO DE MATERIA
Término de materia o nombre geográfico como elemento de entrada Industria del tabaco
Subdivisión geográfica Cuba
9 (RLIN) 31736
700 1# - PUNTO DE ACCESO ADICIONAL--NOMBRE DE PERSONA
Nombre de persona Piñeda Sierra, María Dolores
Término indicativo de función/relación ed.
9 (RLIN) 31737
700 1# - PUNTO DE ACCESO ADICIONAL--NOMBRE DE PERSONA
Nombre de persona Correa García, Wilfredo
Término indicativo de función/relación intr.
9 (RLIN) 31738
700 1# - PUNTO DE ACCESO ADICIONAL--NOMBRE DE PERSONA
Nombre de persona Che Guevara, Ernesto
Término indicativo de función/relación pról.
9 (RLIN) 31739
Holdings
Estado de retiro Estado de pérdida Restricciones de uso No para préstamo Código de colección Localización permanente Ubicación/localización actual Ubicación en estantería Fecha de adquisición Número de inventario Total de préstamos Signatura topográfica completa Código de barras Fecha visto por última vez Precio válido a partir de Tipo de ítem Koha Número de copia
      Excluido de préstamo Monografías: Libros y Folletos General General Depósito 02.12.2009 LF1   633.7191 G216b, 2000 14022-10 25.06.2020 25.06.2020 No se presta  
      Excluido de préstamo Monografías: Libros y Folletos General General Depósito 22.11.2010 LF1   633.7191 G216b, 2000 14022-20 25.06.2020 25.06.2020 No se presta e. 2

Powered by Koha